Paediatric Dentistry (Record no. 22714)

MARC details
000 -LEADER
fixed length control field 00414nam a22001697a 4500
003 - CONTROL NUMBER IDENTIFIER
control field SGT
020 ## - INTERNATIONAL STANDARD BOOK NUMBER
International Standard Book Number 9780198821809
082 ## - DEWEY DECIMAL CLASSIFICATION NUMBER
Classification number 617.645
Item number P12W
100 ## - MAIN ENTRY--PERSONAL NAME
Personal name Welbury, Richard... [et. al.]
245 ## - TITLE STATEMENT
Title Paediatric Dentistry
250 ## - EDITION STATEMENT
Edition statement 5th
260 ## - PUBLICATION, DISTRIBUTION, ETC. (IMPRINT)
Place of publication, distribution, etc United Kingdom
Name of publisher, distributor, etc Oxford University Press
Year of Publication 2012
300 ## - PAGE DESCRIPTION
No. of Pages 389
650 ## - SUBJECT ADDED ENTRY--TOPICAL TERM
Topical term or geographic name as entry element Paediatric Dentistry
653 ## - KEYWORDS--INDEX TERM
Keyword term Paediatric Dentistry
942 ## - ADDED ENTRY ELEMENTS (KOHA)
Source of classification or shelving scheme Dewey Decimal Classification
Koha item type Books
Holdings
Withdrawn status Lost status Source of classification or shelving scheme Damaged status Not for loan Home library Current library Shelving location Date acquired Vendor Name Cost, normal purchase price SGTU Bill Number Total Checkouts Full call number Accession No. (Barcode) Date last seen Bill Date Koha item type
    Dewey Decimal Classification   Not For Loan SGT Dental Library SGT Dental Library Reference Book 11/05/2022 Ahuja Book Co. Pvt. Ltd. 2495.00 SGTU 14353   617.645 P12W FD8657 03/04/2023 16/04/2022 Books
    Dewey Decimal Classification   Not For Loan SGT Dental Library SGT Dental Library Reference Book 11/05/2022 Ahuja Book Co. Pvt. Ltd. 2495.00 SGTU 14353   617.645 P12W FD8658 11/05/2022 16/04/2022 Books